Normal view MARC view
  • Namrah Nasir Rabeea Ahmad Ravail Asghar

Entry Personal Name

Number of records used in: 1

001 - CONTROL NUMBER

  • control field: 86282

003 - CONTROL NUMBER IDENTIFIER

  • control field: NUST

005 - DATE AND TIME OF LATEST TRANSACTION

  • control field: 20211209143858.0

008 - FIXED-LENGTH DATA ELEMENTS

  • fixed length control field: 211209|| aca||aabn | a|a d

040 ## - CATALOGING SOURCE

  • Original cataloging agency: NUST
  • Transcribing agency: NUST

100 ## - HEADING--PERSONAL NAME

  • Personal name: Namrah Nasir Rabeea Ahmad Ravail Asghar

670 ## - SOURCE DATA FOUND

  • Source citation: Work cat.: (NUST): Namrah Nasir Rabeea Ahmad Ravail Asghar , PR-SOF-2092-Automotive Cruise Control of RCC Vehicle Using FMCW Technology Based on Zynq Chip, 2021.
© 2023 Central Library, National University of Sciences and Technology. All Rights Reserved.